| 000 | 02351nam a22003737a 4500 | ||
|---|---|---|---|
| 003 | AR-RoUNCS | ||
| 005 | 20260514095854.0 | ||
| 007 | ta | ||
| 008 | 260514s2017 ag a||||r|||| 00| 0 spa d | ||
| 020 | _a9789874012371 | ||
| 040 |
_aAR-RoUNCS _bspa _cAR-RoUNCS |
||
| 041 | _aspa | ||
| 245 | 0 | 3 |
_aEl Nunca más : _by los crímenes de la dictadura / _c[redacción y compilación de Victoria Ginzberg y Alejandra Dandán]. |
| 260 |
_a[Ciudad Autónoma de Buenos Aires] : _bMinisterio de Cultura de la Nación, _ci2017. |
||
| 300 |
_a193 p. : _bils. ; _c23 cm. |
||
| 490 | 0 | _aLibros y casas | |
| 505 | _tEl Nunca más | ||
| 505 | _tLa edición del Informe Nunca más del año 2006, con motivo del 30º aniversario | ||
| 505 | _tPrólogo a la edición original | ||
| 505 | _tI. La represión como método | ||
| 505 | _tII. La muerte como arma política | ||
| 505 | _tIII. La Iglesia. El Plan Cóndor | ||
| 505 | _tIV. Los documentos | ||
| 505 | _tV. Víctimas | ||
| 505 | _tVI. El Poder Judicial | ||
| 505 | _tVII. El respaldo doctrinario de la represión | ||
| 505 | _tConclusiones | ||
| 520 | _aEl Nunca más apareció por primera vez el 30 de noviembre de 1984 con los comienzos de la nueva democracia. Desde entonces, marcó la historia de este país como un símbolo de la lucha por la defensa de los derechos humanos. El gobierno del Presidente Raúl Alfonsín pidió a un equipo de personalidades de la cultura y de la ciencia, encabezado por el escritor Ernesto Sabato, una investigación especial sobre los crímenes que se habían cometido durante la última dictadura cívico militar entre 1976 y 1983. Al comienzo, algunas víctimas de la dictadura se acercaron con discreción en busca de un espacio confiable. Luego fueron miles los testimonios. Al caudal de denuncias de Buenos Aires se sumaron las recogidas en distintos puntos del país. De esta manera, se dio inicio al trabajo de la Comisión Nacional sobre la Desaparición de Personas, conocida luego como Conadep. La Conadep escribió un informe de 50 mil páginas en las que se documentaron los datos que la dictadura se había propuesto borrar | ||
| 650 | 7 |
_2embne _aHistoria _zArgentina |
|
| 650 | 7 |
_2embne _aDictadura |
|
| 700 | 1 |
_aGinzberg, Victoria _ecompilador |
|
| 700 | 1 |
_aDandán, Alejandra _ecompilador |
|
| 942 |
_2udc _cOG _n0 |
||
| 999 |
_c1016 _d1016 |
||